[Event "SR 3. liga A2 2006/2007"]
[Site "?"]
[Date "2007.02.25"]
[Round "9"]
[White "Krist, Milan"]
[Black "Gajarsky, Roman"]
[Result "1/2-1/2"]
[WhiteElo "2039"]
[BlackElo "2008"]
[Annotator "Hlohovec jun. - Trnava C  /2/"]
[PlyCount "44"]
[EventDate "2006.??.??"]

1. d4 d5 2. Nf3 f5 3. c4 dxc4 4. Qa4+ c6 5. Qxc4 Qd5 6. e3 e6 7. Nc3 Qxc4 8.
Bxc4 b5 9. Bb3 h6 10. Bd2 Nf6 11. Rc1 Bd7 12. Ne5 Bd6 13. f4 g5 14. Ne2 a5 15.
a3 Bxe5 16. fxe5 Ne4 17. Bc2 Nxd2 18. Kxd2 Na6 19. h4 Ke7 20. Rh2 Rag8 21. Rch1
g4 22. g3 c5 $11 1/2-1/2

[Event "SR 3. liga A2 2006/2007"]
[Site "?"]
[Date "2007.02.25"]
[Round "9"]
[White "Slamena, Michal"]
[Black "Bahna, Jan"]
[Result "0-1"]
[WhiteElo "1957"]
[BlackElo "1978"]
[Annotator "Hlohovec jun. - Trnava C  /3/"]
[PlyCount "96"]
[EventDate "2006.??.??"]

1. e4 e5 2. f4 Nf6 3. Nf3 d6 4. Nc3 Nc6 5. Bc4 Be7 6. d4 exd4 7. Nxd4 Nxd4 8.
Qxd4 a6 9. O-O O-O 10. h3 b5 11. Bd5 Nxd5 12. Nxd5 Bb7 13. b3 Bxd5 14. Qxd5 Bf6
15. Rb1 Qe7 16. Ba3 Bc3 17. Bb2 Bxb2 18. Rxb2 Qf6 19. Rbb1 Qc3 20. Rf2 Rae8 21.
Rbf1 Qe3 22. Qc6 Qa7 23. Kh2 Re6 24. Re2 Qc5 25. Qxa6 f5 26. Qb7 Rfe8 27. Rfe1
c6 28. b4 Qc4 29. Qd7 d5 30. a4 bxa4 31. g3 fxe4 32. f5 R6e7 33. Qd6 Qc3 34.
Rf1 Qf6 35. Qf4 a3 36. Qe3 Ra8 37. Ree1 a2 38. Ra1 Qd6 39. Qb3 Rea7 40. Qb2 Ra3
41. c3 Qe5 42. Rac1 d4 43. Qa1 dxc3 44. Rf2 Qd4 45. Rfc2 Qxb4 46. Rxc3 Rxc3 47.
Rxc3 Qb1 48. Rc1 Qxc1 0-1

[Event "SR 3. liga A2 2006/2007"]
[Site "?"]
[Date "2007.02.25"]
[Round "9"]
[White "Puskas, Miroslav"]
[Black "Peska, Juraj"]
[Result "1/2-1/2"]
[WhiteElo "2025"]
[BlackElo "1955"]
[Annotator "Hlohovec jun. - Trnava C  /4/"]
[PlyCount "45"]
[EventDate "2006.??.??"]

1. e4 c6 2. d4 d5 3. exd5 cxd5 4. Bd3 Nf6 5. Nf3 Bg4 6. h3 Bh5 7. c3 Nc6 8. Bg5
e6 9. g4 Bg6 10. Bb5 Be7 11. Ne5 Qc7 12. Qa4 O-O 13. Bxc6 bxc6 14. Qxc6 Rfc8
15. Qxc7 Rxc7 16. Nxg6 hxg6 17. O-O Rb7 18. b3 Rc8 19. Bxf6 Bxf6 20. f4 g5 21.
Kg2 gxf4 22. Rxf4 e5 23. dxe5 $11 1/2-1/2

[Event "SR 3. liga A2 2006/2007"]
[Site "?"]
[Date "2007.02.25"]
[Round "9"]
[White "Hertel, Ondrej"]
[Black "Hagara, Vladimir"]
[Result "0-1"]
[WhiteElo "1990"]
[BlackElo "1975"]
[Annotator "Hlohovec jun. - Trnava C  /5/"]
[PlyCount "120"]
[EventDate "2006.??.??"]

1. d4 Nf6 2. c4 g6 3. Nc3 d5 4. cxd5 Nxd5 5. e4 Nxc3 6. bxc3 Bg7 7. Bc4 O-O 8.
Be3 c5 9. Qd2 cxd4 10. cxd4 Nc6 11. Ne2 e6 12. O-O Na5 13. Bd3 b6 14. Rac1 Bb7
15. f3 Qd7 16. Qb4 Rfc8 17. Bb5 Qd8 18. Qd2 Rxc1 19. Rxc1 Rc8 20. Rxc8 Qxc8 21.
d5 exd5 22. exd5 Qd8 23. d6 a6 24. Ba4 Nc4 25. Bg5 Qxd6 26. Qxd6 Nxd6 27. Bb3
Nf5 28. Kf2 Nd4 29. Nxd4 Bxd4+ 30. Ke2 Kg7 31. Kd3 Bg1 32. h3 Bc6 33. Bc4 b5
34. Bb3 Bb6 35. Be7 a5 36. a3 h6 37. Kc3 f5 38. Be6 Bf2 39. Kd3 Be1 40. Kd4 Be8
41. Bd8 Bf2+ 42. Kd5 b4 43. axb4 axb4 44. Kc4 Be1 45. Be7 f4 46. Bd5 Bd7 47.
Bxb4 Bxb4 48. Kxb4 Kf6 49. h4 g5 50. hxg5+ Kxg5 51. Kc5 Kh4 52. Kd6 Bb5 53. Ke5
Kg3 54. Be6 h5 55. Bh3 $11 h4 56. Bg4 Bf1 57. Bh3 Bxg2 58. Bxg2 Kxg2 59. Kxf4
h3 60. Kg4 h2 0-1

[Event "SR 3. liga A2 2006/2007"]
[Site "?"]
[Date "2007.02.25"]
[Round "9"]
[White "Klanica, Anton"]
[Black "Kollarik, Gorazd"]
[Result "1/2-1/2"]
[WhiteElo "1927"]
[BlackElo "1976"]
[Annotator "Hlohovec jun. - Trnava C  /6/"]
[PlyCount "83"]
[EventDate "2006.??.??"]

1. e4 d5 2. exd5 Qxd5 3. Nc3 Qa5 4. Bc4 Nf6 5. Nf3 Bf5 6. O-O e6 7. d3 c6 8.
Bf4 Nbd7 9. Qe1 Bb4 10. Bd2 O-O 11. a3 Bxc3 12. Bxc3 Qc7 13. h3 h6 14. Ne5 Nd5
15. Nxd7 Qxd7 16. Bd2 Rfe8 17. Qe5 Rad8 18. Qg3 Qd6 19. Qf3 Bg6 20. Rfe1 Qe7
21. Re2 Qd6 22. Rae1 Qd7 23. Bb3 Qd6 24. Qg4 Bf5 25. Qh4 Qe7 26. Qa4 Ra8 27.
Bxd5 cxd5 28. Re5 Qd8 29. g4 Bg6 30. Qf4 Rc8 31. Qa4 a6 32. Bc3 Qd6 33. R5e2 f6
34. Qb3 Qc6 35. Qb4 Rc7 36. f4 Bf7 37. Bd4 Qb5 38. Qxb5 axb5 39. c3 Rc6 40. Kf2
Rec8 41. Kg3 Kf8 42. h4 $11 1/2-1/2

[Event "SR 3. liga A2 2006/2007"]
[Site "?"]
[Date "2007.02.25"]
[Round "9"]
[White "Synak, Jan"]
[Black "Jurik, Michal"]
[Result "0-1"]
[WhiteElo "1802"]
[BlackElo "1915"]
[Annotator "Hlohovec jun. - Trnava C  /7/"]
[PlyCount "42"]
[EventDate "2006.??.??"]

1. Nf3 Nf6 2. c4 c5 3. g3 g6 4. Bg2 Bg7 5. O-O O-O 6. Nc3 Nc6 7. d4 cxd4 8.
Nxd4 Nxd4 9. Qxd4 d6 10. Bd2 Bd7 11. Bxb7 Rb8 12. Bg2 Rxb2 13. Qd3 Ng4 14. Bf4
Ne5 15. Bxe5 Bxe5 16. Nd5 e6 17. Ne3 Qa5 18. Rfd1 Ba4 19. Re1 Rd2 20. Qb1 Bxa1
21. Qxa1 Rxa2 0-1

[Event "SR 3. liga A2 2006/2007"]
[Site "?"]
[Date "2007.02.25"]
[Round "9"]
[White "Steinecker, Frantisek"]
[Black "Barca, Michal"]
[Result "0-1"]
[WhiteElo "1723"]
[BlackElo "1807"]
[Annotator "Hlohovec jun. - Trnava C  /8/"]
[PlyCount "75"]
[EventDate "2006.??.??"]

1. e4 e5 2. Nf3 d6 3. d4 exd4 4. Nxd4 Nf6 5. Nc3 Be7 6. Bc4 O-O 7. Be3 c6 8.
O-O Nbd7 9. f4 Nc5 10. Bd3 Re8 11. Nf3 d5 12. exd5 cxd5 13. Bd4 Ne6 14. Be5 Ng4
15. Ng5 Nxg5 16. Bd4 Ne6 17. Qxg4 Nxd4 18. f5 Bc5 19. Kh1 Nc6 20. Qg3 Be7 21.
Rae1 Rf8 22. Re2 Nd4 23. Ref2 Bh4 24. Qg4 Bxf2 25. Rxf2 Nc6 26. Qh5 f6 27. Rd2
Qe8 28. Qd1 Ne7 29. g4 Qd8 30. Bc4 b5 31. Bxb5 Bb7 32. Rd4 Nc6 33. Bxc6 Bxc6
34. Kg1 Qb6 35. b3 Rad8 36. Ne2 Rfe8 37. Nf4 Re4 38. Qd2 0-1

[Event "SR 3. liga A2 2006/2007"]
[Site "?"]
[Date "2007.02.25"]
[Round "9"]
[White "Stepanovic, Branislav"]
[Black "Frank, Jozsef"]
[Result "0-1"]
[WhiteElo "2051"]
[BlackElo "2131"]
[Annotator "Piestany B - Velký Meder  /1/"]
[PlyCount "118"]
[EventDate "2006.??.??"]

1. e4 c5 2. Nf3 e6 3. d4 cxd4 4. Nxd4 Nf6 5. Bd3 d6 6. c4 Be7 7. Nc3 Nc6 8. Nc2
O-O 9. O-O b6 10. b3 Bb7 11. f3 Qc7 12. Nb5 Qb8 13. Bb2 Ne5 14. Be2 Ng6 15. Re1
d5 16. exd5 exd5 17. Bd3 Rd8 18. Bxg6 Bc5+ 19. Kh1 hxg6 20. Be5 Qc8 21. Nc7
dxc4 22. Qe2 Rb8 23. Nb5 Re8 24. Qxc4 Ra8 25. b4 Bf2 26. Qxc8 Raxc8 27. Re2
Rxe5 28. Rxe5 Rxc2 29. Re7 a6 30. Nd6 Bd5 31. a4 g5 32. Ra7 g4 33. Nf5 gxf3 34.
Ne7+ Kh7 35. Nxd5 fxg2+ 36. Kxg2 Bd4+ 37. Kg3 Bxa1 38. Nxb6 Be5+ 39. Kf3 Rc3+
40. Ke2 Rb3 41. Rxa6 Rxb4 42. h3 Rh4 43. Ra7 Kg6 44. Nc8 Rxh3 45. Ne7+ Kh7 46.
Nc6 Bd6 47. Rxf7 Ra3 48. Nd4 Bc5 49. Nf5 Kg6 50. Rc7 Bf8 51. Nh4+ Kh5 52. Rc4
Nd5 53. Nf3 Nc3+ 54. Kd2 Nxa4 55. Rh4+ Kg6 56. Rg4+ Kf5 57. Nh2 Ra2+ 58. Ke3 g5
59. Kf3 Bd6 0-1

[Event "SR 3. liga A2 2006/2007"]
[Site "?"]
[Date "2007.02.25"]
[Round "9"]
[White "Ress, Tamas"]
[Black "Manak, Jozef"]
[Result "1-0"]
[WhiteElo "2147"]
[BlackElo "2043"]
[Annotator "Piestany B - Velký Meder  /2/"]
[PlyCount "49"]
[EventDate "2006.??.??"]

1. d4 d5 2. c4 e6 3. Nf3 Nf6 4. Nc3 c6 5. Bg5 Nbd7 6. e3 Qa5 7. Nd2 Bb4 8. Qc2
O-O 9. Be2 dxc4 10. Bxf6 Nxf6 11. Nxc4 Qc7 12. O-O Nd5 13. Ne4 f5 14. Ng5 Be7
15. Nf3 b6 16. Nce5 Bb7 17. Rac1 Rfc8 18. e4 fxe4 19. Qxe4 c5 20. Qg4 Qd6 21.
Nc4 Qf4 22. Qxe6+ Kh8 23. Nce5 Rf8 24. Bc4 Rf6 25. Qd7 1-0

[Event "SR 3. liga A2 2006/2007"]
[Site "?"]
[Date "2007.02.25"]
[Round "9"]
[White "Gono, Pavol"]
[Black "Ivan, Imrich ml"]
[Result "1/2-1/2"]
[WhiteElo "2009"]
[BlackElo "2034"]
[Annotator "Piestany B - Velký Meder  /3/"]
[PlyCount "79"]
[EventDate "2006.??.??"]

1. e4 e6 2. d4 d5 3. Nd2 dxe4 4. Nxe4 Nd7 5. Nf3 Ngf6 6. Nxf6+ Nxf6 7. c3 Be7
8. Bd3 b6 9. Ne5 O-O 10. Nc6 Qd6 11. Nxe7+ Qxe7 12. Qf3 Bd7 13. Bg5 h6 14. Bh4
e5 15. O-O exd4 16. cxd4 Qd6 17. Bxf6 Qxf6 18. Qxf6 gxf6 19. Rac1 c6 20. Be4
Rac8 21. Rc3 Rfd8 22. a3 Be6 23. Bxc6 Rxd4 24. h3 Bc4 25. Bb5 Rc5 26. Bxc4
Rdxc4 27. Rfc1 Rxc3 28. Rxc3 Rxc3 29. bxc3 Kf8 30. Kf1 Ke7 31. Ke2 Kd6 32. Kd3
Kd5 33. c4+ Ke5 34. Ke3 h5 35. f4+ Kd6 36. g4 hxg4 37. hxg4 f5 38. g5 Kc5 39.
Kd3 a6 40. a4 1/2-1/2

[Event "SR 3. liga A2 2006/2007"]
[Site "?"]
[Date "2007.02.25"]
[Round "9"]
[White "Csefalvay, Stefan"]
[Black "Mihalik, Anton"]
[Result "0-1"]
[WhiteElo "1957"]
[BlackElo "1994"]
[Annotator "Piestany B - Velký Meder  /4/"]
[PlyCount "96"]
[EventDate "2006.??.??"]

1. d4 d5 2. Nf3 Nf6 3. c4 e6 4. g3 c6 5. Bg2 Be7 6. O-O O-O 7. Bg5 Nbd7 8. Nbd2
Ne4 9. Bxe7 Qxe7 10. Qc2 f5 11. e3 Qf6 12. cxd5 exd5 13. Ne1 b6 14. f3 Ng5 15.
Rc1 Bb7 16. Qa4 Qe7 17. Nc2 c5 18. Qa3 Rfe8 19. f4 Ne4 20. Nxe4 dxe4 21. Rfd1
Rec8 22. dxc5 Nxc5 23. Nd4 g6 24. Bf1 Kg7 25. Bc4 a6 26. b4 Nd3 27. Rc3 Nxb4
28. Rdc1 Nd5 29. Qxe7+ Nxe7 30. Ne6+ Kf6 31. Bb3 Rxc3 32. Rxc3 Rc8 33. Rxc8
Bxc8 34. Ng5 h6 35. Nf7 Be6 36. Nd6 Bxb3 37. axb3 b5 38. Ne8+ Ke6 39. Nc7+ Kd6
40. Nxa6 Nd5 41. Kf2 Kc6 42. Ke2 Kb6 43. Nb8 Nf6 44. Kd2 Kb7 45. Kc3 Kxb8 46.
Kd4 Kc7 47. h3 Kd6 48. g4 h5 0-1

[Event "SR 3. liga A2 2006/2007"]
[Site "?"]
[Date "2007.02.25"]
[Round "9"]
[White "Curidlo, Jan"]
[Black "Szitasi, Janos"]
[Result "1/2-1/2"]
[WhiteElo "2084"]
[BlackElo "1996"]
[Annotator "Piestany B - Velký Meder  /5/"]
[PlyCount "100"]
[EventDate "2006.??.??"]

1. e4 c5 2. Nf3 d6 3. d4 cxd4 4. Nxd4 Nf6 5. Nc3 g6 6. Be2 Bg7 7. Be3 O-O 8.
O-O Nc6 9. f4 a6 10. Bf3 Qc7 11. Kh1 Na5 12. Qd3 Qc4 13. b3 Qxd3 14. cxd3 Bg4
15. Rac1 Bxf3 16. Nxf3 Rac8 17. h3 Nh5 18. Ne2 Nc6 19. g4 Nf6 20. Bd2 Nd7 21.
d4 Nf6 22. Ng3 Nd7 23. Bc3 e6 24. Kg2 Nb6 25. Rfd1 d5 26. e5 Rfe8 27. Nf1 Bf8
28. Ne3 Ba3 29. Rc2 Na7 30. Ba5 Nd7 31. Rdd2 Bc1 32. Re2 Rxc2 33. Nxc2 Bxf4 34.
Nce1 Rc8 35. Nd3 Bh6 36. Bb4 b6 37. Kf2 a5 38. Ba3 Nb5 39. Bb2 Nc3 40. Bxc3
Rxc3 41. Nfe1 Bg5 42. Kg2 Nb8 43. Rc2 Rxc2+ 44. Nxc2 Nc6 45. Kf2 Bd2 46. Ke2
Bc3 47. Ke3 Kg7 48. Nf4 Bb2 49. Nd3 Bc3 50. Nf4 Bb2 1/2-1/2

[Event "SR 3. liga A2 2006/2007"]
[Site "?"]
[Date "2007.02.25"]
[Round "9"]
[White "Vizvari, Ludovit"]
[Black "Slaby, Jozef"]
[Result "0-1"]
[WhiteElo "2033"]
[BlackElo "1781"]
[Annotator "Piestany B - Velký Meder  /6/"]
[PlyCount "98"]
[EventDate "2006.??.??"]

1. d4 d5 2. c4 e6 3. Nc3 Nf6 4. Nf3 h6 5. Bf4 Bd6 6. Bg3 O-O 7. e3 b6 8. cxd5
exd5 9. Qc2 a6 10. Bd3 Re8 11. O-O Bxg3 12. hxg3 Bb7 13. b4 Nbd7 14. Rfc1 Ne4
15. Rab1 Ndf6 16. Rb3 Rc8 17. Qe2 b5 18. Bb1 Re6 19. Ne5 Nd7 20. Nxd7 Qxd7 21.
Qg4 Qe7 22. Nxe4 dxe4 23. Rc5 g6 24. Rbc3 f5 25. Qd1 Qd6 26. a3 Kg7 27. Ba2 Re7
28. Bb3 h5 29. a4 bxa4 30. Bxa4 Qb6 31. d5 Rd8 32. Qd4+ Kh6 33. Qc4 Qf6 34. Bc6
Bc8 35. Ba8 Bd7 36. Bc6 Bc8 37. b5 axb5 38. Qxb5 h4 39. Bb7 hxg3 40. fxg3 Qe5
41. Kf2 Bxb7 42. Qxb7 Rdd7 43. Rc1 Kg5 44. Qb5 Qd6 45. Rd1 Qf6 46. Rh1 Rh7 47.
Rxh7 Rxh7 48. Qb3 Qa1 49. Rc6 Rh1 0-1

[Event "SR 3. liga A2 2006/2007"]
[Site "?"]
[Date "2007.02.25"]
[Round "9"]
[White "Gono, Michal"]
[Black "Vegh, Vince"]
[Result "0-1"]
[WhiteElo "1593"]
[BlackElo "1846"]
[Annotator "Piestany B - Velký Meder  /7/"]
[PlyCount "94"]
[EventDate "2006.??.??"]

1. g3 Nf6 2. Bg2 e6 3. Nf3 d5 4. d4 c5 5. c3 Nc6 6. O-O Be7 7. Bg5 O-O 8. Bxf6
Bxf6 9. dxc5 Qe7 10. Nbd2 Qxc5 11. Nb3 Qe7 12. Re1 b6 13. e4 dxe4 14. Rxe4 Bb7
15. Re1 Rad8 16. Qc2 g6 17. Rad1 Bg7 18. Rxd8 Rxd8 19. Rd1 Rd7 20. Rxd7 Qxd7
21. Qd2 Qxd2 22. Nfxd2 f5 23. f4 Kf7 24. Nf3 Ke7 25. Nfd4 Bxd4+ 26. Nxd4 Nxd4
27. Bxb7 Ne2+ 28. Kf1 Nc1 29. a4 a5 30. b4 Kd6 31. bxa5 bxa5 32. Ke1 Nd3+ 33.
Kd2 Nc5 34. Bf3 Nxa4 35. Kc2 h6 36. h4 Nc5 37. h5 gxh5 38. Bxh5 Ne4 39. Kb3
Nxg3 40. Bf3 Ne4 41. Ka4 Nxc3+ 42. Kxa5 Nd5 43. Kb5 Nxf4 44. Kc4 e5 45. Kc3 e4
46. Bh1 Ke5 47. Kd2 Kd4 0-1

[Event "SR 3. liga A2 2006/2007"]
[Site "?"]
[Date "2007.02.25"]
[Round "9"]
[White "Magyarics, Jozef"]
[Black "Sedlak, Rastislav"]
[Result "1/2-1/2"]
[WhiteElo "1546"]
[BlackElo "1523"]
[Annotator "Piestany B - Velký Meder  /8/"]
[PlyCount "64"]
[EventDate "2006.??.??"]

1. e4 e5 2. Nf3 Nc6 3. Bc4 Nf6 4. d3 Bc5 5. Be3 Bxe3 6. fxe3 d6 7. Nbd2 Bg4 8.
Qe2 Qd7 9. O-O-O Na5 10. d4 Bxf3 11. gxf3 O-O-O 12. dxe5 dxe5 13. Nb3 Nxb3+ 14.
Bxb3 Qe7 15. Rhg1 g6 16. Rd2 Nd7 17. Rgd1 Nc5 18. Rxd8+ Rxd8 19. Rxd8+ Kxd8 20.
Qd2+ Kc8 21. Bc4 Qf6 22. Qa5 Na6 23. Qa4 Kd8 24. Be2 Qb6 25. Qa3 Qb4 26. Qd3+
Ke7 27. c3 Qa5 28. Qd5 Qxd5 29. exd5 Nc5 30. e4 f5 31. b4 Nd7 32. Kd2 Nf6
1/2-1/2

[Event "SR 3. liga A2 2006/2007"]
[Site "?"]
[Date "2007.03.11"]
[Round "10"]
[White "Vass, Frantisek"]
[Black "Stepanovic, Branislav"]
[Result "1-0"]
[WhiteElo "2352"]
[BlackElo "2051"]
[Annotator "Galanta - Piestany B  /1/"]
[PlyCount "117"]
[EventDate "2006.??.??"]

1. d4 Nf6 2. Bg5 d5 3. Nf3 e6 4. Nbd2 Be7 5. e3 Nbd7 6. Bd3 c5 7. c3 O-O 8. O-O
b6 9. Ne5 Nxe5 10. dxe5 Nd7 11. Bf4 f5 12. Qh5 g6 13. Qh6 Rf7 14. Nf3 Rg7 15.
Ng5 Nf8 16. Rad1 Qc7 17. c4 Bb7 18. Rd2 dxc4 19. Bxc4 Qc6 20. f3 b5 21. Be2 Rd8
22. Rfd1 Rxd2 23. Rxd2 c4 24. e4 c3 25. bxc3 Qxc3 26. Rd1 Qc2 27. Kf1 Qxa2 28.
Bxb5 Bc5 29. Nh3 Qb3 30. Be2 Ba6 31. Rc1 Bxe2+ 32. Kxe2 Qb5+ 33. Ke1 fxe4 34.
fxe4 Qb7 35. Kf1 Qb5+ 36. Ke1 Rf7 37. g3 Bb4+ 38. Kf2 Qxe5 39. Rc8 Qd4+ 40. Kf1
Qd1+ 41. Kf2 Be1+ 42. Kg2 Qe2+ 43. Kg1 e5 44. Re8 exf4 45. gxf4 Bd2 46. Qg5
Be3+ 47. Kh1 Qf1+ 48. Ng1 Bxg1 49. Qxg1 Qf3+ 50. Qg2 Rxf4 51. Qxf3 Rxf3 52. Kg2
Rf6 53. Re7 Rf7 54. Re8 a6 55. e5 Kg7 56. e6 Ra7 57. e7 Nd7 58. Rg8+ Kf7 59.
e8=Q+ 1-0

[Event "SR 3. liga A2 2006/2007"]
[Site "?"]
[Date "2007.03.11"]
[Round "10"]
[White "Pobjecky, Ivan"]
[Black "Farkas, Gabor"]
[Result "1-0"]
[WhiteElo "2048"]
[BlackElo "2240"]
[Annotator "Galanta - Piestany B  /2/"]
[PlyCount "67"]
[EventDate "2006.??.??"]

1. e4 c5 2. Nf3 Nc6 3. d4 cxd4 4. Nxd4 Nf6 5. Nc3 e5 6. Ndb5 d6 7. Bg5 a6 8.
Na3 b5 9. Nd5 Be7 10. Bxf6 Bxf6 11. Be2 O-O 12. O-O Bg5 13. c4 b4 14. Nc2 a5
15. Kh1 Ne7 16. Nce3 Ra7 17. Nxe7+ Rxe7 18. Nd5 Ree8 19. Qd3 f5 20. f3 f4 21.
a3 bxa3 22. Qxa3 Re6 23. Qxa5 Qd7 24. Qc7 Qe8 25. Ra8 Rh6 26. h3 Qe6 27. Rfa1
Rh5 28. R1a7 Rxh3+ 29. Kg1 Qh6 30. gxh3 Qg6 31. Kf1 Bd8 32. Qxc8 h5 33. Qxd8
Rxd8 34. Ne7+ 1-0

[Event "SR 3. liga A2 2006/2007"]
[Site "?"]
[Date "2007.03.11"]
[Round "10"]
[White "Petenyi, Tamas"]
[Black "Manak, Jozef"]
[Result "1/2-1/2"]
[WhiteElo "2125"]
[BlackElo "2043"]
[Annotator "Galanta - Piestany B  /3/"]
[PlyCount "60"]
[EventDate "2006.??.??"]

1. e4 c5 2. Nf3 Nc6 3. Nc3 d6 4. d4 cxd4 5. Nxd4 Nf6 6. Be2 a6 7. O-O e6 8. Be3
Be7 9. f4 O-O 10. a4 Qc7 11. Kh1 b6 12. Nxc6 Qxc6 13. e5 dxe5 14. fxe5 Nd5 15.
Nxd5 exd5 16. Bf3 Be6 17. Bd4 b5 18. axb5 axb5 19. Qd3 Rfc8 20. c3 b4 21. Rfd1
Rxa1 22. Rxa1 Ra8 23. Rd1 Ra2 24. cxb4 Bxb4 25. h3 h6 26. Kh2 Qc4 27. Be2 Ra8
28. Qe3 Qc7 29. Rc1 Qe7 30. Bf3 Qg5 1/2-1/2

[Event "SR 3. liga A2 2006/2007"]
[Site "?"]
[Date "2007.03.11"]
[Round "10"]
[White "Gono, Pavol"]
[Black "Nagy, Tomas"]
[Result "0-1"]
[WhiteElo "2009"]
[BlackElo "2125"]
[Annotator "Galanta - Piestany B  /4/"]
[PlyCount "60"]
[EventDate "2006.??.??"]

1. e4 c5 2. Nf3 d6 3. d4 cxd4 4. Nxd4 Nf6 5. Nc3 g6 6. g3 Bg7 7. Bg2 O-O 8. O-O
Qb6 9. Nce2 Nc6 10. c3 Bg4 11. Qc2 Rfc8 12. Be3 Qa6 13. f3 Bd7 14. Nxc6 bxc6
15. b3 e5 16. Rad1 d5 17. Bc5 Be6 18. f4 Bg4 19. Rd2 Nxe4 20. Bxe4 dxe4 21.
fxe5 Rd8 22. Rxd8+ Rxd8 23. Nd4 Bh3 24. Re1 Rd5 25. Bd6 Bxe5 26. Bxe5 Rxe5 27.
a4 c5 28. Nb5 e3 29. Qd3 Qc6 30. Re2 Rf5 0-1

[Event "SR 3. liga A2 2006/2007"]
[Site "?"]
[Date "2007.03.11"]
[Round "10"]
[White "Nagy, Attila"]
[Black "Mihalik, Anton"]
[Result "1-0"]
[WhiteElo "2120"]
[BlackElo "1994"]
[Annotator "Galanta - Piestany B  /5/"]
[PlyCount "56"]
[EventDate "2006.??.??"]

1. e4 c5 2. Nf3 d6 3. d4 cxd4 4. Nxd4 Nf6 5. Nc3 a6 6. Be3 e6 7. Qd2 Qc7 8.
O-O-O Be7 9. f3 Nbd7 10. g4 Ne5 11. g5 Nfd7 12. f4 Nc4 13. Bxc4 Qxc4 14. f5 Ne5
15. Rhf1 Bd7 16. f6 Bf8 17. Nf3 gxf6 18. Nxe5 fxe5 19. g6 hxg6 20. Bg5 Rh7 21.
Rf3 b5 22. Rdf1 b4 23. Qf2 f5 24. Nd5 exd5 25. exf5 Bh6 26. fxg6 Bxg5+ 27. Kb1
Rh8 28. Rf8+ Ke7 1-0

[Event "SR 3. liga A2 2006/2007"]
[Site "?"]
[Date "2007.03.11"]
[Round "10"]
[White "Curidlo, Jan"]
[Black "Csiba, Dominik"]
[Result "0-1"]
[WhiteElo "2084"]
[BlackElo "2070"]
[Annotator "Galanta - Piestany B  /6/"]
[PlyCount "82"]
[EventDate "2006.??.??"]

1. e4 c5 2. Nf3 Nc6 3. d4 cxd4 4. Nxd4 Nf6 5. Nc3 e5 6. Nb3 Bb4 7. Bd3 d5 8.
Bd2 Bxc3 9. Bxc3 Nxe4 10. Bxe4 dxe4 11. Qxd8+ Kxd8 12. O-O-O+ Kc7 13. f4 exf3
14. gxf3 Re8 15. Nc5 Bf5 16. Rhe1 f6 17. Rg1 g6 18. Rd2 Rad8 19. Rgd1 Rxd2 20.
Rxd2 Rd8 21. Re2 Rd5 22. Nb3 g5 23. Nd2 Nd4 24. Rf2 Nxc2 25. Ne4 Ne3 26. Bd2
Bxe4 27. Bxe3 Bg6 28. Rd2 Rxd2 29. Kxd2 Bh5 30. Bc5 f5 31. Ke3 a6 32. h3 Kd7
33. Bf8 Bf7 34. a3 Ke6 35. Bb4 f4+ 36. Kf2 Kf5 37. Be7 Bd5 38. b4 b5 39. Bc5 e4
40. fxe4+ Bxe4 41. Ke2 h5 0-1

[Event "SR 3. liga A2 2006/2007"]
[Site "?"]
[Date "2007.03.11"]
[Round "10"]
[White "Merva, Frantisek"]
[Black "Slaby, Jozef"]
[Result "0-1"]
[WhiteElo "2059"]
[BlackElo "1781"]
[Annotator "Galanta - Piestany B  /7/"]
[PlyCount "25"]
[EventDate "2006.??.??"]

1. e4 e6 2. Nf3 Nf6 3. Nc3 d5 4. e5 Nfd7 5. d4 c5 6. Bg5 Be7 7. Bxe7 Qxe7 8.
Nb5 Qd8 9. Nd6+ Ke7 10. Qd2 h6 11. O-O-O cxd4 12. Qb4 Nc6 13. Nf5+ 0-1

[Event "SR 3. liga A2 2006/2007"]
[Site "?"]
[Date "2007.03.11"]
[Round "10"]
[White "Gono, Michal"]
[Black "Lancz, Frantisek"]
[Result "1/2-1/2"]
[WhiteElo "1593"]
[BlackElo "1350"]
[Annotator "Galanta - Piestany B  /8/"]
[PlyCount "129"]
[EventDate "2006.??.??"]

1. c4 Nf6 2. Nc3 e6 3. d4 d5 4. Bg5 Be7 5. e3 Nbd7 6. Nf3 a6 7. a3 dxc4 8. Bxc4
b5 9. Ba2 Bb7 10. Rc1 h6 11. Bh4 O-O 12. O-O Rc8 13. b4 Ne4 14. Bxe7 Qxe7 15.
d5 Ng5 16. Nd4 exd5 17. Bxd5 c6 18. Bf3 Ne5 19. Be2 Ng6 20. Nb3 Ne6 21. Ne4
Rfd8 22. Qe1 Rc7 23. Nec5 Nxc5 24. Nxc5 Bc8 25. Rd1 Nf8 26. Rxd8 Qxd8 27. Qd1
Qe7 28. Bg4 Bxg4 29. Qxg4 a5 30. Rd1 axb4 31. axb4 Ne6 32. Nxe6 fxe6 33. Qd4 c5
34. bxc5 Rxc5 35. Qd8+ Qxd8 36. Rxd8+ Kf7 37. Kf1 Rd5 38. Rb8 Kf6 39. Ke2 h5
40. f3 e5 41. Rc8 Ke6 42. e4 Rd4 43. Re8+ Kf6 44. Rb8 b4 45. Ke3 g6 46. f4 Rc4
47. Rb6+ Kf7 48. fxe5 Rc2 49. Rf6+ Kg7 50. Rf1 b3 51. Kd3 Rc6 52. Rf2 Rb6 53.
Rb2 Kf7 54. Ke3 Ke6 55. Kf4 Rb5 56. h3 Rb6 57. g4 hxg4 58. hxg4 Rb5 59. Kg5
Kxe5 60. Kxg6 Kxe4 61. g5 Kd3 62. Kh6 Kc3 63. Rxb3+ Kxb3 64. g6 Kc4 65. g7
1/2-1/2

[Event "SR 3. liga A2 2006/2007"]
[Site "?"]
[Date "2007.03.11"]
[Round "10"]
[White "Janko, Ladislav"]
[Black "Lahucky, Pavol"]
[Result "1-0"]
[WhiteElo "2180"]
[BlackElo "2110"]
[Annotator "Gabcíkovo - Hlohovec jun.  /1/"]
[PlyCount "73"]
[EventDate "2006.??.??"]

1. e4 e5 2. Nf3 Nc6 3. Bb5 a6 4. Ba4 Nf6 5. d3 b5 6. Bb3 Be7 7. c3 O-O 8. Nbd2
d6 9. Nf1 Na5 10. Bc2 c5 11. Ng3 Be6 12. O-O Qd7 13. Qe2 Nc6 14. h3 Qc7 15. Ng5
Bd7 16. f4 b4 17. fxe5 Nxe5 18. Nh5 Nxh5 19. Qxh5 Bxg5 20. Qxg5 f6 21. Qg3 Be6
22. Rf2 bxc3 23. bxc3 Qa5 24. d4 cxd4 25. cxd4 Qe1+ 26. Kh2 Ng6 27. Rb1 Rfd8
28. Bd2 Qxf2 29. Qxf2 Bxa2 30. Bb3+ Bxb3 31. Rxb3 a5 32. Ra3 a4 33. Bb4 d5 34.
exd5 Rxd5 35. Qa2 Rad8 36. Rxa4 Kf7 37. Ra7+ 1-0

[Event "SR 3. liga A2 2006/2007"]
[Site "?"]
[Date "2007.03.11"]
[Round "10"]
[White "Gajarsky, Roman"]
[Black "Sulek, Viliam"]
[Result "1/2-1/2"]
[WhiteElo "2008"]
[BlackElo "2202"]
[Annotator "Gabèíkovo - Hlohovec jun.  /2/"]
[PlyCount "61"]
[EventDate "2006.??.??"]

1. e4 c5 2. c4 Nc6 3. Nc3 g6 4. d3 Bg7 5. Be3 d6 6. Qd2 Nd4 7. Rb1 e6 8. Be2
Bd7 9. Nf3 Bc6 10. O-O Nxe2+ 11. Qxe2 Ne7 12. d4 b6 13. Rbd1 Qc7 14. d5 Bxc3
15. bxc3 Ba4 16. Rd2 e5 17. Bh6 O-O-O 18. Ng5 Be8 19. Qf3 Rd7 20. Qf6 Rg8 21.
Nxh7 Qd8 22. Bg5 Rb7 23. Qf3 f5 24. Nf6 Rf8 25. Qg3 f4 26. Qg4+ Bd7 27. Nxd7
Qxd7 28. Qxd7+ Rxd7 29. Bxe7 Rxe7 30. f3 g5 31. h3 1/2-1/2

[Event "SR 3. liga A2 2006/2007"]
[Site "?"]
[Date "2007.03.13"]
[Round "10"]
[White "Janko, Michal"]
[Black "Slamena, Michal"]
[Result "1-0"]
[WhiteElo "2083"]
[BlackElo "1957"]
[Annotator "Gabcíkovo - Hlohovec jun.  /3/"]
[PlyCount "67"]
[EventDate "2006.??.??"]

1. d4 Nf6 2. c4 g6 3. Nc3 Bg7 4. e4 d6 5. f3 O-O 6. Nge2 Nc6 7. Be3 e5 8. d5
Ne7 9. Qd2 Ne8 10. O-O-O f5 11. Kb1 f4 12. Bf2 a6 13. c5 g5 14. Nc1 Rf7 15. Nd3
Ng6 16. cxd6 cxd6 17. Na4 b5 18. Nb6 Rb8 19. Nxc8 Qxc8 20. Rc1 Rc7 21. Be2 Qb7
22. Rxc7 Nxc7 23. Rc1 Ne7 24. Qa5 Ne8 25. Nb4 Ra8 26. Nc6 Nxc6 27. dxc6 Qc8 28.
Bd1 Bf6 29. Bb3+ Kf8 30. c7 d5 31. Bxd5 Nd6 32. Bxa8 Nc4 33. Rxc4 bxc4 34. Qc5+
1-0

[Event "SR 3. liga A2 2006/2007"]
[Site "?"]
[Date "2007.03.11"]
[Round "10"]
[White "Peska, Juraj"]
[Black "Kubica, Adrian"]
[Result "1/2-1/2"]
[WhiteElo "1955"]
[BlackElo "1937"]
[Annotator "Gabcíkovo - Hlohovec jun.  /4/"]
[PlyCount "20"]
[EventDate "2006.??.??"]

1. c4 g6 2. Nc3 Bg7 3. g3 b6 4. Bg2 c6 5. Nf3 e6 6. e4 Ne7 7. d4 Bb7 8. O-O O-O
9. Be3 Ba6 10. b3 d5 $11 1/2-1/2